000 00675nam a2200253Ia 4500
003 OSt
005 20221007074651.0
006 a|||||r|||| 00| 0
007 ta
008 221006b |||||||| |||| 00| 0 eng d
024 _a4,913
037 _cTextual
040 _aFLL
_cFLL
_beng
041 _2eng
_aeng
082 _aZ2,805, M7
100 _aKhanna A.N. Au.
245 0 _aLaw of court fees and suits valuation in India
250 _a13th
260 _aNagpur
_bWadhwa and company India
_c1987
300 _a766p
_ccm.
650 _aCode of criminal procedure
942 _hZ2,805, M7
_cTEXL
_2CC
999 _c1153267
_d1153267